Os Lusíadas para gente nova (Registo nº 1507)
[ vista simples ]
| 000 -Etiqueta do registo | |
|---|---|
| Cabeçalho | 00698nam0a2200253 4500 |
| 005 - Identificador da versão | |
| Campo de controlo | 20240813121838.0 |
| 010 ## - Número internacional normalizado dos livros (ISBN) | |
| Número (ISBN) | 9789896164768 |
| 021 ## - Número do Depósito Legal | |
| Código do país | PT |
| Número | 342528/2012 |
| 100 ## - Dados gerais de processamento | |
| Dados gerais de processamento | 20150622d2014 cd d0pory50030103ba |
| 102 ## - Pais de publicação ou produção | |
| País de publicação | Portugal |
| 101 0# - Língua de publicação | |
| Língua do texto, banda sonora, etc. | Português |
| 215 ## - Descrição física | |
| Indicação específica da natureza do documento e extensão da espécie | 150 p |
| 200 1# - Titulo e menção de responsabilidade | |
| Título próprio | Os Lusíadas para gente nova |
| Primeira menção de responsabilidade | Vasco Graça Moura |
| 205 ## - Menção da edição | |
| Menção da edição | 8ª ed |
| 210 ## - Publicação, Distribuição, etc. | |
| Lugar da edição, distribuição, etc. | Lisboa |
| Nome do editor, distribuidor, etc. | Gradiva |
| Data da publicação, distribuição, etc. | 2014 |
| 300 ## - Notas gerais | |
| Texto da nota | Plano Nacional de Leitura |
| 606 ## - Nome comum usado como assunto | |
| Número de registo de entrada de autoridade | 0002007 |
| Palavra de ordem | Literatura portuguesa |
| Subdivisão de assunto | Poesia |
| Código do sistema | CA |
| 675 ## - Classificação Decimal Universal (CDU) | |
| Notação | 821.134.3-1 |
| Edição | 3ª ed. |
| Língua da edição | por |
| 700 #1 - Nome de autor-pessoa física (responsabilidade principal) | |
| Número de registo de entrada de autoridade | 0002276 |
| Palavra de ordem | Moura |
| Outra parte do nome não tomada para palavra de ordem | Vasco Graça |
| Datas | 1942-2014 |
| 966 ## - Identificação da Biblioteca | |
| Sigla | EB2,3ENM |
| 942 ## - Elementos de entrada adicionados (Koha) | |
| Tipo de item no Koha | Livro |
| Situação do levantamento | Origin of item (home branch) (coded) | Biblioteca de empréstimo | Código de barras | Cota | Circulation type (not for loan) | Tipo de documento | Nota do exemplar | Damaged status |
|---|---|---|---|---|---|---|---|---|
| Biblioteca Escolar Eng. Nuno Mergulhão | Biblioteca Escolar Eng. Nuno Mergulhão | BENM3497 | 82LP-1 MOU PNL | Livro | Sem mensagem |
